MARC details
| 000 -CABECERA |
| campo de control de longitud fija |
01345nam a2200229 a 4500 |
| 001 - NÚMERO DE CONTROL |
| campo de control |
000041255 |
| 005 - FECHA Y HORA DE LA ÚLTIMA TRANSACCIÓN |
| campo de control |
20201002034729.0 |
| 008 - DATOS DE LONGITUD FIJA--INFORMACIÓN GENERAL |
| campo de control de longitud fija |
130920s2001 sp 001 0 spa d |
| 020 ## - NÚMERO INTERNACIONAL ESTÁNDAR DEL LIBRO |
| Número Internacional Estándar del Libro |
8400080017 |
| 040 ## - FUENTE DE LA CATALOGACIÓN |
| Centro catalogador/agencia de origen |
DO-SdBNP |
| Lengua de catalogación |
spa |
| Centro/agencia transcriptor |
BNPHU |
| 100 1# - ENTRADA PRINCIPAL--NOMBRE DE PERSONA |
| Nombre de persona |
Cortés y Larraz, Pedro |
| Fechas asociadas al nombre |
1712-1786 |
| 9 (RLIN) |
67855 |
| 245 10 - MENCIÓN DE TÍTULO |
| Título |
Descripción geográfico-moral de la Diócesis de Goathemala : |
| Resto del título |
hecha por su arzobispo el Ilmo Sr. Don Pedro Cortés y Larraz del consejo de su majestad en el tiempo que la visitó y fue desde el día 3 de Noviembre de 1768 hasta el día 1 de Julio de 1769, desde el día 22 de Noviembre de 1769 hasta el 9 de Febrero de 1770 y desde el 6 de junio de 1770 hasta el dia 29 de Agosto del 1770 / |
| Mención de responsabilidad, etc. |
edición de Julio Martín Blasco y Jesús María García Añoveros. |
| 246 10 - FORMA VARIANTE DE TÍTULO |
| Título propio/Titulo breve |
Descripción geográfico-moral de la Diócesis de Goathemala,1768-1770 |
| 260 ## - PUBLICACIÓN, DISTRIBUCIÓN, ETC. |
| Lugar de publicación, distribución, etc. |
Madrid : |
| Nombre del editor, distribuidor, etc. |
Consejo Superior de Investigaciones Científicas, |
| Fecha de publicación, distribución, etc. |
2001. |
| 300 ## - DESCRIPCIÓN FÍSICA |
| Extensión |
v. ; |
| Dimensiones |
25 cm. |
| 490 1# - MENCIÓN DE SERIE |
| Mención de serie |
Corpus Hispanorum de pace. |
| -- |
Segunda serie ; |
| Designación de volumen o secuencia |
9 |
| 504 ## - NOTA DE BIBLIOGRAFÍA, ETC. |
| Nota de bibliografía, etc. |
Incluye referencias bibliográficas y notas al pie de las páginas |
| 700 1# - PUNTO DE ACCESO ADICIONAL--NOMBRE DE PERSONA |
| Nombre de persona |
García Añoveros, Jesús María |
| 9 (RLIN) |
15700 |
| 700 1# - PUNTO DE ACCESO ADICIONAL--NOMBRE DE PERSONA |
| Nombre de persona |
Martín Blasco, Julio |
| 9 (RLIN) |
67856 |
| 710 2# - PUNTO DE ACCESO ADICIONAL--NOMBRE DE ENTIDAD CORPORATIVA |
| Nombre de entidad corporativa o nombre de jurisdicción como elemento de entrada |
Consejo Superior de Investigaciones Científicas, |
| 9 (RLIN) |
4786 |
| 830 #0 - PUNTO DE ACCESO ADICIONAL DE SERIE-TÍTULO UNIFORME |
| Título uniforme |
Corpus Hispanorum de pace. |
| Nombre de parte o sección de la obra |
Segunda serie |
| Número de parte o sección de la obra |
8 |
| 9 (RLIN) |
67857 |